000 00698cab a2200205 4500
001 ABS38919
008 090401t1988 xxu||||| |||| 00| 0 eng d
035 _a(Sirsi) u13327
041 _aeng
100 _aRank, P.M.
245 _aProprietary interests, leases and licences
260 _c1988
350 _a0
490 _aSolicitors` Journal
_v132(12) 25 March 1988, 392-393(2)
520 _aConsiders the recent controversial decision Ashburn Anstalt v Arnold (1987) (See Abstract 38589) which has once again brought uncertainty to the distinction between a lease and licence.
650 _aBUSINESS TENANCIES
690 _aLandlord and tenant
_96252
942 _n0
948 _c04/03/1997
999 _c8588
_d8588